Statistics for Official Languages of the World on the Disappearing World Map

Click here to take the quiz!

General Stats

  • This quiz has been taken 45,025 times
    (35,601 since last reset)
  • The average score is 67 of 119

Answers on the Map

Answers color-coded by a green-red scale on the quiz's map according to % correct below.
Loading ...
 

Answer Stats

CountriesLanguage% Correct
Canada, South Africa, 56 othersEnglish
100%
China, Taiwan, SingaporeChinese
(Mandarin)
99%
France, Canada, 27 othersFrench
99%
Russia, Belarus, Kazakhstan, KyrgyzstanRussian
99%
Spain, Colombia, 18 othersSpanish
99%
Portugal, Brazil, 7 othersPortuguese
98%
Germany, Austria, Switzerland, 3 othersGerman
97%
JapanJapanese
97%
Italy, San Marino, Switzerland, Vatican CityItalian
96%
Egypt, Iraq, Saudi Arabia, 19 othersArabic
95%
Sweden, FinlandSwedish
95%
South Korea, North KoreaKorean
93%
PolandPolish
92%
Turkey, CyprusTurkish
92%
DenmarkDanish
91%
Belgium, Netherlands, SurinameDutch
90%
Cyprus, GreeceGreek
90%
FinlandFinnish
88%
IndonesiaMalay
(Indonesian)
88%
MongoliaMongolian
88%
UkraineUkrainian
88%
NorwayNorwegian
87%
RomaniaRomanian
87%
MoldovaRomanian
(Moldovan)
87%
ThailandThai
86%
IcelandIcelandic
85%
VietnamVietnamese
85%
EstoniaEstonian
84%
IndiaHindustani
(Hindi)
84%
LatviaLatvian
84%
IrelandIrish
83%
Bosnia and Herzegovina, CroatiaSerbo-Croatian
(Croatian)
83%
MontenegroSerbo-Croatian
(Montenegrin)
83%
Serbia, Bosnia and Herzegovina, KosovoSerbo-Croatian
(Serbian)
83%
Czech RepublicCzech
82%
HungaryHungarian
82%
LithuaniaLithuanian
82%
TajikistanPersian (Tajik)
81%
SlovakiaSlovak
81%
BulgariaBulgarian
80%
Albania, Kosovo, North MacedoniaAlbanian
79%
Malaysia, Singapore, BruneiMalay
79%
CambodiaKhmer
77%
AfghanistanPersian (Darī)
77%
IranPersian
76%
SloveniaSlovene
76%
NepalNepali
74%
ArmeniaArmenian
73%
GeorgiaGeorgian
73%
LaosLao
73%
Bosnia and HerzegovinaSerbo-Croatian
(Bosnian)
73%
BelarusBelarusian
72%
KazakhstanKazakh
71%
PhilippinesFilipino
70%
UzbekistanUzbek
70%
BangladeshBengali
68%
IsraelHebrew
68%
AzerbaijanAzerbaijani
64%
South AfricaAfrikaans
63%
North MacedoniaMacedonian
63%
TurkmenistanTurkmen
62%
Somalia, EthiopiaSomali
61%
Kenya, Rwanda, Tanzania, UgandaSwahili
60%
MyanmarBurmese
59%
PakistanHindustani
(Urdu)
58%
AfghanistanPashto
58%
New ZealandMāori
55%
BhutanDzongkha
52%
MaltaMaltese
50%
KyrgyzstanKyrgyz
49%
South AfricaZulu
49%
SamoaSamoan
46%
Sri Lanka, SingaporeTamil
46%
FijiFijian
44%
SwitzerlandRomansh
44%
Morocco, AlgeriaBerber
43%
LuxembourgLuxembourgish
41%
IraqKurdish
39%
TongaTongan
38%
Bolivia, PeruQuechua
34%
South AfricaXhosa
34%
EthiopiaAmharic
31%
NorwaySámi
31%
AndorraCatalan
30%
HaitiHaitian Creole
30%
MaldivesMaldivian
30%
RwandaKinyarwanda
28%
PalauPalauan
28%
TuvaluTuvaluan
27%
NauruNauruan
26%
BurundiKirundi
25%
South Africa, EswatiniSwazi
25%
MadagascarMalagasy
24%
South Africa, LesothoSotho
24%
South Africa, BotswanaTswana
22%
Sri LankaSinhala
21%
Marshall IslandsMarshallese
20%
ParaguayGuaraní
18%
Bolivia, PeruAymara
16%
KiribatiGilbertese
16%
SeychellesSeychellois Creole
16%
ComorosComorian
14%
Eritrea, EthiopiaTigrinya
14%
FijiHindustani
(Fiji Hindi)
13%
MauritiusMauritian Creole
13%
EthiopiaOromo
12%
ZimbabweNorthern Ndebele
11%
South AfricaSouthern Ndebele
11%
Papua New GuineaTok Pisin
11%
South AfricaNorthern Sotho
10%
South AfricaTsonga
10%
South AfricaVenda
10%
ZimbabweShona
9%
MalawiChewa
8%
East TimorTetum
8%
EthiopiaAfar
7%
VanuatuBislama
7%
Papua New GuineaHiri Motu
7%
Central African Rep.Sango
7%

Score Distribution

Percentile by Number Answered

Percent of People with Each Score

Your Score History

You have not taken this quiz since the last reset